000 00261nam a2200109 a 4500
005 20141022141959.0
008 120229s19uu xx 00 eng d
050 _aCD
_bL51 2003
245 _a40 Digital photography techniques.
260 _c2003.
942 _cAVM
999 _c276170
_d276170